[Event "Titled Tuesday intern op 25th Mar Early"]
[Site "Chess.com INT"]
[Date "2025.03.25"]
[Round "4"]
[White "Nakamura, Hikaru"]
[Black "Dang, Hoang Son"]
[Result "1-0"]
[WhiteElo "2802"]
[BlackElo "2408"]
[PlyCount "103"]
[EventDate "2025.03.25"]
[EventType "swiss (blitz)"]
[EventRounds "11"]
[EventCountry "USA"]
[SourceTitle "CB14_2025"]
[SourceDate "2024.11.01"]
[SourceVersion "1"]
[SourceVersionDate "2024.11.01"]
[SourceQuality "1"]

1. b3 Nf6 2. Bb2 d5 3. Nf3 e6 4. c4 Be7 5. e3 0-0 6. Nc3 b6 7. cxd5 exd5 8. d4 Bb7 9. Bd3 a6 10. 0-0 Nbd7 11. Ne5 Bd6 12. f4 Qe7 13. a3 Rac8 14. Bf5 Rcd8 15. b4 b5 16. Ne2 Nb6 17. Nc1 Nc4 18. Qe2 g6 19. Bb1 Nd7 20. Rf3 Rfe8 21. Rg3 Nf8 22. Bc3 Kg7 23. Ncd3 Bc8 24. Nc6 Qf6 25. Nxd8 Rxd8 26. Ne5 Bf5 27. Ba2 Be4 28. a4 Qe6 29. axb5 axb5 30. Nxc4 bxc4 31. Bxc4 Nd7 32. Bb3 Nf6 33. h3 Rb8 34. b5 c6 35. Ba4 cxb5 36. Bxb5 Bf5 37. Rf3 Ne4 38. Be1 h5 39. Rf1 Nf6 40. Bh4 Ne4 41. Rfc1 Bb4 42. Ra6 Nd6 43. Bd3 Bxd3 44. Qxd3 Qe4 45. Qxe4 Nxe4 46. Rb1 Be7 47. Rxb8 Bxh4 48. Ra2 Be1 49. Rc2 Bd2 50. Rxd2 Nxd2 51. Rb5 Ne4 52. Rxd5 1-0

[Event "Titled Tuesday intern op 25th Feb Early"]
[Site "Chess.com INT"]
[Date "2025.02.25"]
[Round "9"]
[White "Dang, Hoang Son"]
[Black "Myagmarsuren, Evsuld"]
[Result "1-0"]
[WhiteElo "2408"]
[BlackElo "2296"]
[PlyCount "93"]
[EventDate "2025.02.25"]
[EventType "swiss (blitz)"]
[EventRounds "11"]
[EventCountry "USA"]
[SourceTitle "CB10_2025"]
[SourceDate "2025.03.05"]
[SourceVersion "1"]
[SourceVersionDate "2025.03.05"]
[SourceQuality "1"]

1. d4 d5 2. c4 c6 3. Nc3 Nf6 4. Nf3 e6 5. Bg5 Nbd7 6. e3 Qa5 7. Nd2 Bb4 8. Qc2 0-0 9. c5 Ne4 10. Ndxe4 dxe4 11. Be7 Re8 12. Bd6 b6 13. a3 bxc5 14. Rc1 Bxc3+ 15. Qxc3 Qxc3+ 16. Rxc3 cxd4 17. exd4 e5 18. d5 cxd5 19. Bb5 d4 20. Rc7 Nf6 21. 0-0 Re6 22. Bc5 Nd5 23. Rc6 Bd7 24. Rxe6 Bxe6 25. b4 f6 26. Re1 a5 27. Bc6 Rc8 28. b5 Nc3 29. Bb6 Nxb5 30. Bxb5 Rb8 31. Bxa5 Rxb5 32. Bb4 d3 33. Rxe4 Rxb4 34. Rxb4 d2 35. Rb8+ Kf7 36. Rd8 e4 37. Rxd2 f5 38. a4 f4 39. a5 Kf6 40. a6 e3 41. fxe3 fxe3 42. Re2 Bc4 43. a7 Bxe2 44. a8Q Bg4 45. Qc6+ Kf5 46. Qd5+ Kf4 47. g3# 1-0

[Event "Titled Tuesday intern op 25th Feb Early"]
[Site "Chess.com INT"]
[Date "2025.02.25"]
[Round "3"]
[White "Dang, Hoang Son"]
[Black "Paulsen, Dirk"]
[Result "1-0"]
[WhiteElo "2408"]
[BlackElo "2316"]
[PlyCount "26"]
[EventDate "2025.02.25"]
[EventType "swiss (blitz)"]
[EventRounds "11"]
[EventCountry "USA"]
[SourceTitle "CB10_2025"]
[SourceDate "2025.03.05"]
[SourceVersion "1"]
[SourceVersionDate "2025.03.05"]
[SourceQuality "1"]

1. d4 Nf6 2. Bg5 c5 3. Bxf6 gxf6 4. d5 f5 5. c3 Bg7 6. e3 e6 7. g3 b6 8. dxe6 fxe6 9. Qh5+ Kf8 10. Bg2 d5 11. Ne2 Nd7 12. Nf4 Nf6 13. Qh4 Ne4 1-0

[Event "Titled Tuesday intern op 25th Feb Early"]
[Site "Chess.com INT"]
[Date "2025.02.25"]
[Round "5"]
[White "Ebrahimi Herab, Hamidreza"]
[Black "Dang, Hoang Son"]
[Result "1-0"]
[WhiteElo "2417"]
[BlackElo "2408"]
[PlyCount "145"]
[EventDate "2025.02.25"]
[EventType "swiss (blitz)"]
[EventRounds "11"]
[EventCountry "USA"]
[SourceTitle "CB10_2025"]
[SourceDate "2025.03.05"]
[SourceVersion "1"]
[SourceVersionDate "2025.03.05"]
[SourceQuality "1"]

1. d4 Nf6 2. c4 g6 3. Nc3 Bg7 4. e4 d6 5. Be2 0-0 6. Bg5 c5 7. d5 Qa5 8. Bd2 Qc7 9. h3 e6 10. Nf3 exd5 11. exd5 a6 12. a4 Bf5 13. 0-0 Re8 14. Bg5 Ne4 15. Nxe4 Bxe4 16. Qd2 Bxf3 17. Bxf3 a5 18. Rae1 Na6 19. b3 Qb6 20. Rxe8+ Rxe8 21. Re1 Be5 22. Bd1 Qb4 23. Kf1 f6 24. Qxb4 cxb4 25. Bxf6 Kf7 26. Bxe5 Rxe5 27. Rxe5 dxe5 28. Ke2 Nc5 29. Ke3 Ke7 30. Bc2 Kf6 31. h4 h6 32. g3 g5 33. hxg5+ hxg5 34. f4 b6 35. fxe5+ Kxe5 36. Kf3 Kf6 37. Kg4 Nb7 38. Kh5 Nd6 39. Bg6 Nb7 40. Bc2 Nd6 41. Kh6 Nf7+ 42. Kh7 Nd6 43. Kg8 Ke5 44. Kg7 Kd4 45. Kf6 Kc3 46. Bd1 Kd2 47. Bf3 Kc2 48. Ke6 Nb7 49. d6 Nc5+ 50. Ke7 Kxb3 51. Bd1+ Kxc4 52. d7 Nxd7 53. Kxd7 b5 54. Be2+ Kc5 55. axb5 Kb6 56. Kd6 b3 57. Kd5 b2 58. Bd3 a4 59. Kc4 a3 60. Kb3 b1Q+ 61. Bxb1 Kxb5 62. Kxa3 Kc5 63. g4 Kd4 64. Bf5 Ke5 65. Kb4 Kf6 66. Kc5 Ke5 67. Kc6 Kf6 68. Kd6 Kg7 69. Ke5 Kh6 70. Bc8 Kg7 71. Kf5 Kh6 72. Kf6 Kh7 73. Kxg5 1-0

[Event "Hanoi IM2"]
[Site "Hanoi"]
[Date "2025.01.14"]
[Round "7"]
[White "Dang, Hoang Son"]
[Black "Vo, Thanh Ninh"]
[Result "1-0"]
[WhiteElo "2338"]
[BlackElo "2362"]
[PlyCount "71"]
[EventDate "2025.01.10"]
[EventType "tourn"]
[EventRounds "9"]
[EventCountry "VIE"]
[SourceTitle "CB04_2025"]
[SourceDate "2025.01.22"]
[SourceVersion "1"]
[SourceVersionDate "2025.01.22"]
[SourceQuality "1"]

1. e4 c5 2. Nf3 Nc6 3. d4 cxd4 4. Nxd4 g6 5. c4 Bg7 6. Be3 Nf6 7. Nc3 0-0 8. Be2 d6 9. 0-0 Bd7 10. Nb3 Be6 11. f4 Na5 12. Nd2 Ne8 13. Rc1 Nc6 14. Nb3 Na5 15. Nxa5 Qxa5 16. f5 gxf5 17. exf5 Qe5 18. Qd2 Bxf5 19. Rce1 e6 20. Kh1 Qa5 21. Bg5 Bxc3 22. bxc3 f6 23. Bh6 Rf7 24. Bh5 Re7 25. Bf3 e5 26. Bd5+ Be6 27. Qg5+ Kf7 28. Qf5 Bxd5 29. Qxh7+ Ke6 30. Qf5+ Kf7 31. cxd5 Qxd5 32. Re3 Nc7 33. Rd3 Qc4 34. Qxf6+ Ke8 35. Rxd6 Rf7 36. Qxe5+ 1-0

[Event "Hanoi IM2"]
[Site "Hanoi"]
[Date "2025.01.13"]
[Round "6"]
[White "Aquino, Jethro Dino"]
[Black "Dang, Hoang Son"]
[Result "1/2-1/2"]
[WhiteElo "2323"]
[BlackElo "2338"]
[PlyCount "40"]
[EventDate "2025.01.10"]
[EventType "tourn"]
[EventRounds "9"]
[EventCountry "VIE"]
[SourceTitle "CB04_2025"]
[SourceDate "2025.01.22"]
[SourceVersion "1"]
[SourceVersionDate "2025.01.22"]
[SourceQuality "1"]

1. Nf3 Nf6 2. b3 d5 3. Bb2 c6 4. e3 Bf5 5. Be2 e6 6. 0-0 Nbd7 7. d4 Be7 8. Nbd2 h6 9. c4 0-0 10. a3 a5 11. h3 Re8 12. Re1 Bh7 13. c5 Bf8 14. b4 b6 15. Qb3 a4 16. Qc3 b5 17. Ne5 Qc7 18. f4 Ne4 19. Nxe4 Bxe4 20. Nxd7 Qxd7 1/2-1/2

[Event "Hanoi IM2"]
[Site "Hanoi"]
[Date "2025.01.12"]
[Round "5"]
[White "Dang, Hoang Son"]
[Black "Yun, Hungi"]
[Result "1-0"]
[WhiteElo "2338"]
[BlackElo "2213"]
[PlyCount "87"]
[EventDate "2025.01.10"]
[EventType "tourn"]
[EventRounds "9"]
[EventCountry "VIE"]
[SourceTitle "CB04_2025"]
[SourceDate "2025.01.22"]
[SourceVersion "1"]
[SourceVersionDate "2025.01.22"]
[SourceQuality "1"]

1. d4 Nf6 2. g3 d5 3. Bg2 Bf5 4. c4 e6 5. Qb3 Nc6 6. Nf3 Nb4 7. Na3 Be7 8. 0-0 Be4 9. c5 a5 10. Bd2 0-0 11. Rfc1 Nd7 12. Nb5 c6 13. Nc3 b6 14. a3 Bxf3 15. Bxf3 Na6 16. cxb6 Nxb6 17. Na4 Nc4 18. Be1 Rb8 19. Qd3 Qc8 20. e4 Qb7 21. Be2 Nc7 22. Qc2 Nd6 23. exd5 Nxd5 24. Qxc6 Qb3 25. Qc2 Qxc2 26. Rxc2 Nf5 27. Rd1 Bf6 28. Rc4 Rfc8 29. Bxa5 Rxc4 30. Bxc4 Nxd4 31. Kg2 Ra8 32. b4 g5 33. Bxd5 exd5 34. Nc3 Nc6 35. Nxd5 Bb2 36. Bc7 Bxa3 37. b5 Na5 38. Ra1 Nb3 39. Ra2 Nc1 40. Rc2 Nb3 41. Rc3 Nc5 42. Bd6 Ne4 43. Rxa3 Rd8 44. Be5 1-0

[Event "Hanoi GM1"]
[Site "Hanoi"]
[Date "2025.01.08"]
[Round "8"]
[White "Liyanage, Ranindu Dilshan"]
[Black "Dang, Hoang Son"]
[Result "1/2-1/2"]
[WhiteElo "2397"]
[BlackElo "2338"]
[PlyCount "73"]
[EventDate "2025.01.03"]
[EventType "tourn"]
[EventRounds "9"]
[EventCountry "VIE"]
[EventCategory "6"]
[SourceTitle "CB04_2025"]
[SourceDate "2025.01.22"]
[SourceVersion "1"]
[SourceVersionDate "2025.01.22"]
[SourceQuality "1"]

1. e4 c6 2. d4 d5 3. e5 Bf5 4. g4 Bd7 5. Nc3 e6 6. Be3 Ne7 7. Nge2 h5 8. gxh5 Nf5 9. Ng3 Nxe3 10. fxe3 c5 11. Qf3 Nc6 12. 0-0-0 Qa5 13. Bb5 Nxe5 14. dxe5 Bxb5 15. Nxb5 Qxb5 16. Rhf1 0-0-0 17. Qxf7 c4 18. Ne2 Bc5 19. Nd4 Qd7 20. Nxe6 Bxe3+ 21. Kb1 Rde8 22. Nxg7 Qxf7 23. Rxf7 Rxe5 24. c3 Rh7 25. Rf5 Re4 26. Rf8+ Kd7 27. Rf7+ Kc6 28. Rf6+ Kb5 29. Rxd5+ Ka4 30. Kc2 b6 31. Re6 Rh4 32. Rxe3 Rxg7 33. Re2 Rh7 34. Kd2 a5 35. Ke1 Rh6 36. Rg2 b5 37. Kf1 1/2-1/2

[Event "Hanoi GM1"]
[Site "Hanoi"]
[Date "2025.01.06"]
[Round "6"]
[White "Jani Kushal, R."]
[Black "Dang, Hoang Son"]
[Result "0-1"]
[WhiteElo "2319"]
[BlackElo "2338"]
[PlyCount "78"]
[EventDate "2025.01.03"]
[EventType "tourn"]
[EventRounds "9"]
[EventCountry "VIE"]
[EventCategory "6"]
[SourceTitle "CB04_2025"]
[SourceDate "2025.01.22"]
[SourceVersion "1"]
[SourceVersionDate "2025.01.22"]
[SourceQuality "1"]

1. d4 Nf6 2. c4 g6 3. Nc3 Bg7 4. Nf3 0-0 5. Bg5 d6 6. e3 b6 7. Bd3 Bb7 8. 0-0 Nbd7 9. e4 e5 10. d5 Nc5 11. Bc2 a5 12. a3 h6 13. Be3 Nh5 14. Qd2 g5 15. b4 Nd7 16. Ba4 Ba6 17. Bb5 Bxb5 18. Nxb5 Ndf6 19. Qd3 Ng4 20. c5 f5 21. cxd6 cxd6 22. Rac1 Ngf6 23. Nd2 f4 24. Nc7 fxe3 25. fxe3 Qd7 26. Nxa8 Rxa8 27. Rc6 axb4 28. axb4 Bf8 29. Rxb6 Qa7 30. Rc6 Nf4 31. Qb3 Ng4 32. Re1 Qf7 33. exf4 Qa7+ 34. Rc5 dxc5 35. Qg3 cxb4+ 36. Kf1 h5 37. fxe5 Qa6+ 38. Re2 Qb5 39. Qb3 Ra3 0-1

[Event "Hanoi GM1"]
[Site "Hanoi"]
[Date "2025.01.03"]
[Round "1"]
[White "Tran, Tuan Minh"]
[Black "Dang, Hoang Son"]
[Result "0-1"]
[WhiteElo "2437"]
[BlackElo "2338"]
[PlyCount "178"]
[EventDate "2025.01.03"]
[EventType "tourn"]
[EventRounds "9"]
[EventCountry "VIE"]
[EventCategory "6"]
[SourceTitle "CB04_2025"]
[SourceDate "2025.01.22"]
[SourceVersion "1"]
[SourceVersionDate "2025.01.22"]
[SourceQuality "1"]

1. c4 e6 2. g3 d5 3. Bg2 d4 4. Nf3 c5 5. e3 Nc6 6. exd4 cxd4 7. 0-0 Nf6 8. d3 Bc5 9. a3 a5 10. Re1 0-0 11. b3 Re8 12. Ra2 e5 13. Ng5 Bf5 14. Rae2 Bg4 15. f3 Bf5 16. Qc2 h6 17. Ne4 Bxe4 18. fxe4 Ng4 19. Qb2 Rb8 20. Nd2 Ne3 21. Nf1 Qd6 22. Qa2 b5 23. Nd2 bxc4 24. Nxc4 Nxc4 25. bxc4 a4 26. Rb2 Rxb2 27. Bxb2 Rb8 28. Bf1 Na5 29. Be2 Rb3 30. Ra1 Nxc4 31. Bd1 Rxd3 32. Qxc4 Rd2 33. Bh5 Rxb2 34. Rc1 g6 35. Qxc5 Qxc5 36. Rxc5 gxh5 37. Rxe5 d3 38. Rd5 Rb3 39. Kf2 Rxa3 40. Ke3 h4 41. gxh4 Kg7 42. Ra5 Kg6 43. h5+ Kg7 44. h4 Ra1 45. Kxd3 a3 46. Kc2 a2 47. Kb2 Re1 48. Kxa2 Rxe4 49. Kb3 Rxh4 50. Kc3 Rg4 51. Kd3 Rg5 52. Ra6 Rxh5 53. Ke4 Rg5 54. Kf4 Rg1 55. Ra5 Kg6 56. Ra8 Kh5 57. Rh8 Rg4+ 58. Kf5 Rg1 59. Kf4 Rg5 60. Rf8 Kg6 61. Rg8+ Kf6 62. Rh8 Kg7 63. Ra8 f6 64. Ra7+ Kg6 65. Ra8 h5 66. Rg8+ Kh6 67. Ra8 Rb5 68. Rg8 Rb3 69. Ra8 Kg7 70. Ra7+ Kg6 71. Ra8 h4 72. Kg4 h3 73. Rh8 Rb1 74. Kg3 Kf5 75. Rh5+ Ke4 76. Rh4+ Ke5 77. Rh8 Rb3+ 78. Kh2 f5 79. Re8+ Kf4 80. Ra8 Re3 81. Ra4+ Kg5 82. Ra8 f4 83. Rg8+ Kh4 84. Rh8+ Kg4 85. Rg8+ Kf3 86. Ra8 Kf2 87. Ra2+ Kf1 88. Ra4 f3 89. Ra1+ Re1 0-1